Từ bỏ thì dễ vượt lên chính mình mới khó

Đây là quyển sách tổng kết quá trình trưởng thành của cậu con trai 18 tuổi Ngô Mục Thiên, cũng là cuốn sách đầu tiên đề cập đến vấn đề tự quản lý bản thân ở trẻ. Cuốn sách có thể đem đến những cách tư duy đúng đắn và một số phươ...

Celý popis

Uloženo v:
Podrobná bibliografie
Hlavní autor: Ngô Mục Thiên
Další autoři: Ngô Cam Lâm (Viết lời bình), Yinyin (Dịch)
Médium: Kniha
Jazyk:Vietnamese
Vydáno: H. Lao động - xã hội 2016
Témata:
Tagy: Přidat tag
Žádné tagy, Buďte první, kdo otaguje tento záznam!
Thư viện lưu trữ: Thư viện Trường Đại học Nam Cần Thơ
LEADER 01336nam a22002177a 4500
001 NCT_70712
008 190923b xxu||||| |||| 00| 0 vie d
999 |c 3439  |d 3439 
020 |a 9786046515593  |c 89000 
082 0 4 |2 23rd ed.  |a 158.1  |b Th305 
100 1 |a Ngô Mục Thiên 
245 1 0 |a Từ bỏ thì dễ vượt lên chính mình mới khó  |c Ngô Mục Thiên ; Ngô Cam Lâm (viết lời bình) ; Yinyin (dịch) 
260 |a H.  |b Lao động - xã hội  |c 2016 
300 |a 315 tr.  |c 21cm 
520 3 |a Đây là quyển sách tổng kết quá trình trưởng thành của cậu con trai 18 tuổi Ngô Mục Thiên, cũng là cuốn sách đầu tiên đề cập đến vấn đề tự quản lý bản thân ở trẻ. Cuốn sách có thể đem đến những cách tư duy đúng đắn và một số phương pháp để giải quyết hiệu quả vấn đề. 
653 |a Sách tham khảo 
700 1 |a Ngô Cam Lâm  |e Viết lời bình 
700 0 |a Yinyin  |e Dịch 
942 |2 ddc  |c BK 
952 |0 0  |1 0  |2 ddc  |4 0  |6 158_100000000000000_TH305  |7 0  |9 17984  |a 000001  |b 000001  |d 2019-09-23  |o 158.1 Th305  |p TK.01172  |r 2019-09-23  |v 89000.00  |w 2019-09-23  |y BK 
980 |a Thư viện Trường Đại học Nam Cần Thơ